书目信息 |
| 题名: |
太平天国革命
|
|
| 作者: | ;《太平天国革命时期广西农民起义资料》编辑组 编 | |
| 分册: | ||
| 出版信息: | 上海 上海人民出版社 1978 |
|
| 页数: | 303页 | |
| 开本: | 20cm | |
| 丛书名: | ||
| 单 册: | ||
| 中图分类: | K254.4 , K254 | |
| 科图分类: | ||
| 主题词: | 太平天国革命--广西--史料 | |
| 电子资源: | ||
| ISBN: | ||
| 000 | 00810nam0 2200229 450 | |
| 001 | 1553434045 | |
| 005 | 20150207095116.04 | |
| 010 | @dCNY0.21 | |
| 091 | @a11018.754@dCNY2.60 | |
| 100 | @a20070511d1978 emky0chiy0120 ea | |
| 101 | 0 | @achi |
| 102 | @aCN@b310000 | |
| 105 | @ay z 000yy | |
| 200 | 1 | @a太平天国革命@Atai ping tian guo ge ming@9tai ping tian guo ge ming shi qi guang xi nong min qi yi zi liao@f《太平天国革命时期广西农民起义资料》编辑组编 |
| 210 | @a上海@c上海人民出版社@d1978 | |
| 215 | @a303页@d20cm | |
| 606 | 0 | @a太平天国革命@y广西@x史料 |
| 690 | @aK254.4@v5 | |
| 690 | @aK254@v4 | |
| 711 | 02 | @a《太平天国革命时期广西农民起义资料》编辑组@9《 tai ping tian guo ge ming shi qi guang xi nong min qi yi zi liao》 bian ji zu@4编 |
| 801 | 0 | @aCN@bTSSF@c20150207 |
| 905 | @aZUCC@dK254@eJY4 | |
| 太平天国革命/《太平天国革命时期广西农民起义资料》编辑组编.-上海:上海人民出版社,1978 |
| 303页;20cm |
| ISBN :CNY0.21 |
| ● |
| 相关链接 |
|
|
|
|
正题名:太平天国革命
索取号:K254/JY4
 
预约/预借
| 序号 | 登录号 | 条形码 | 馆藏地/架位号 | 状态 | 备注 |
| 1 | 7839123 | 278391232 | 学院路分馆/ [索取号:K254/JY4] | 在馆 | |
| 2 | 7839124 | 278391241 | 学院路分馆/ [索取号:K254/JY4] | 在馆 | |
| 3 | 7839125 | 278391250 | 学院路分馆/ [索取号:K254/JY4] | 在馆 |